000
00302nam a2200133Ia 4500
008
220613s9999||||xx |||||||||||||| ||und||
100
_a
Jean Hamaburger
245
0
_a
Structure And Function Of The Kidney
250
_a
1971
260
_b
XXXX
300
_a
115
650
_a
Physiology
942
_c
PREC
999
_c
3527
_d
3527